000 00882nam a22001697a 4500
999 _c61230
_d61230
005 20240109144447.0
008 240109s1985 ru ||||| |||| 00| 0 rus d
041 _arus
080 _a94(470+571) Д-73
245 _aДревнейшие государства на территории СССР :
_bМатериалы и исследования : 1984 /
_cОтветственный редактор А.П. Новосельцев; Академия наук СССР. Институт истории СССР.
264 _aМосква :
_bНаука,
_c1985.
300 _a263 с.;
_b23 см.
653 _aისტორია
653 _aუძველესი სახელმწიფოები სსრკ-ს ტერიტორიაზე
700 _aНовосельцев, А.П.
_eრედაქტორი
_920985
942 _2udc
_cᲬᲘᲒᲜᲘ